Bienvenue à la Médiathèque de Saint-Andiol
banniere
Accueil Recherche avancée Mon compte
handi1 Rechercher dans le catalogue

Filtre   Mots-clés
  Recherche avancée
 
Lister les dernières nouveautés
 
Lister les livres GROS CARACTERES
 
Lister les périodiques (magazines)

handi1 Cendrillon

<< Retourner aux résultats de la recherche
Book Cover
Auteur principal : Charles Perrault
Autres auteurs : Kveta Pacovska
Titre : Cendrillon
Support : Livres
Langue : Francais
Publié : 2009 Minedition Paris
Genre : Conte
Collection : Un livre d'images Minedition
Sujets :
Étiquettes :
Pas de tags
LEADER 01077nam0a2200217 450
001 16868129
010 |a 978-2-35413-081-7  |b Cart.  |d 21 € 
100 |a 20091113d2009 u u0frey01 ba 
101 0 |a fre 
102 |a FR 
200 0 |a Cendrillon  |f Charles Perrault  |g ill. de Kveta Pacovska 
207 1 |a   
210 |a Paris  |c Minedition  |d 2009 
215 |a 26 p.  |c ill. en coul.  |d 30 cm 
225 1 |a Un livre d'images Minedition  |x 1958-086X 
330 |a Cendrillon devient la servante de sa belle-mère et de ses deux demi-soeurs. Son rêve est de se rendre au bal que donne le prince. Avec l'aide de sa tante la fée, elle se retrouve merveilleusement habillée et peut assister au bal jusqu'à minuit. Lorsque le deuxième coup sonne, Cendrillon repart précipitamment, laissant dans sa fuite une pantoufle de vair. Conte revisité par l'illustratrice. 
700 0 |a Perrault  |b Charles  |f 1628-1703  |4 70 
701 0 |a Pacovska  |b Kveta  |4 440 
900 |a Conte 
901 |a Jeunesse 
995 |a Médiathèque  |c Médiathèque  |f 00156007472459  |h 00156007472459  |k C PER  |o p  |q j  |r az  |e Médiathèque